[Event "8. Open de Galapagar"]
[Site "Galapagar ESP"]
[Date "2007.07.23"]
[Round "3.4"]
[White "Valbuena Mota, Alejandro"]
[Black "Candela Perez, Jose"]
[Result "0-1"]
[WhiteElo "2129"]
[BlackElo "2404"]
[PlyCount "66"]
[EventDate "2007.07.21"]
[EventType "swiss"]
[EventRounds "9"]
[EventCountry "ESP"]
[Source "lmi"]
[SourceDate "2007.07.21"]

1. d4 Nf6 2. c4 g6 3. Nc3 Bg7 4. e4 d6 5. f3 O-O 6. Be3 e5 7. Nge2 c6 8. Qd2
Nbd7 9. d5 cxd5 10. cxd5 a6 11. Nc1 Nh5 12. g4 Nf4 13. Nd3 f5 14. gxf5 gxf5 15.
O-O-O Ng6 16. h4 Nb6 17. Bg5 Bf6 18. exf5 Bxf5 19. Nf2 Rc8 20. Nfe4 Bxe4 21.
fxe4 Bxg5 22. hxg5 Na4 23. Bh3 Rc7 24. Be6+ Kh8 25. Kb1 Nxc3+ 26. bxc3 Rf4 27.
Rh5 Rg7 28. Bf5 Nh4 29. g6 Nxg6 30. Qb2 Nh4 31. Rh1 Qa5 32. Bc8 Qc5 33. Bxb7
Rg1+ 0-1

[Event "8. Open de Galapagar"]
[Site "Galapagar ESP"]
[Date "2007.07.23"]
[Round "3.5"]
[White "Pascual Palomo, Lucia"]
[Black "Gallardo Garcia, Andres"]
[Result "0-1"]
[WhiteElo "2128"]
[BlackElo "2352"]
[PlyCount "90"]
[EventDate "2007.07.21"]
[EventType "swiss"]
[EventRounds "9"]
[EventCountry "ESP"]
[Source "lmi"]
[SourceDate "2007.07.21"]

1. e4 c5 2. Nf3 d6 3. d4 cxd4 4. Nxd4 Nf6 5. Nc3 Nc6 6. h3 g6 7. g4 Bg7 8. Be3
O-O 9. Bg2 Bd7 10. Nd5 Nxd5 11. exd5 Nxd4 12. Bxd4 Qa5+ 13. c3 Bxd4 14. Qxd4
Qb5 15. b4 Rfc8 16. a4 Qb6 17. Qd3 a5 18. b5 Qc5 19. O-O Qxc3 20. Qe4 Qf6 21.
Rfe1 Kf8 22. Rac1 b6 23. Qe3 Rc5 24. g5 Qe5 25. Qxe5 dxe5 26. Rxc5 bxc5 27. d6
Rc8 28. dxe7+ Kxe7 29. Rxe5+ Be6 30. b6 Kd6 31. Re2 c4 32. b7 Rb8 33. Rb2 Kc5
34. Kf1 Bd7 35. Re2 Kb4 36. Bd5 Bxh3+ 37. Ke1 Be6 38. Bc6 c3 39. Re5 Ka3 40.
Rxa5 c2 41. Kd2 Kb2 42. Rb5+ Bb3 43. Rxb3+ Kxb3 44. Kc1 Rd8 45. Bf3 Kc3 0-1

[Event "8. Open de Galapagar"]
[Site "Galapagar ESP"]
[Date "2007.07.23"]
[Round "3.6"]
[White "Gonzalez Somoza, Oliver"]
[Black "Rodriguez De Castro, Ayar"]
[Result "1-0"]
[WhiteElo "2343"]
[BlackElo "2102"]
[PlyCount "95"]
[EventDate "2007.07.21"]
[EventType "swiss"]
[EventRounds "9"]
[EventCountry "ESP"]
[Source "lmi"]
[SourceDate "2007.07.21"]

1. d4 d5 2. c4 e6 3. Nf3 Nf6 4. b3 Ne4 5. e3 Bb4+ 6. Nbd2 Nd7 7. Bd3 Nxd2 8.
Bxd2 Bxd2+ 9. Qxd2 O-O 10. O-O Re8 11. Rad1 Nf6 12. Ne5 Bd7 13. Qc2 Rc8 14. c5
c6 15. b4 g6 16. a4 a6 17. Rb1 Nh5 18. b5 axb5 19. axb5 Ng7 20. bxc6 Bxc6 21.
Rb6 Re7 22. Rfb1 Rec7 23. Nxc6 bxc6 24. Ba6 Ra8 25. Bb7 Ra5 26. Bxc6 Nf5 27.
Rb8 Rc8 28. Rxc8 Qxc8 29. Qc3 Ra2 30. Qb3 Qa6 31. Bb5 Qa5 32. Qb4 Qxb4 33. Rxb4
Ra1+ 34. Bf1 Rc1 35. g3 e5 36. dxe5 Rxc5 37. Rb5 Rxb5 38. Bxb5 Kf8 39. Bd7 Nh6
40. f4 Ke7 41. Bc8 f6 42. exf6+ Kxf6 43. Kf2 Nf7 44. Bg4 Nh6 45. Bd1 Nf5 46.
Bb3 Ne7 47. Kf3 Kf5 48. Bxd5 1-0

[Event "8. Open de Galapagar"]
[Site "Galapagar ESP"]
[Date "2007.07.23"]
[Round "3.7"]
[White "Sanchez Gonzalez, Sergio"]
[Black "Longa Yauca, Javier"]
[Result "1/2-1/2"]
[WhiteElo "2098"]
[BlackElo "2306"]
[PlyCount "61"]
[EventDate "2007.07.21"]
[EventType "swiss"]
[EventRounds "9"]
[EventCountry "ESP"]
[Source "lmi"]
[SourceDate "2007.07.21"]

1. e4 e6 2. d3 d5 3. Nd2 c5 4. Ngf3 Nc6 5. g3 g6 6. Bg2 Bg7 7. O-O Nf6 8. exd5
Nxd5 9. Nb3 b6 10. c3 O-O 11. d4 cxd4 12. Nfxd4 Nxd4 13. Nxd4 Ba6 14. Re1 Qd7
15. Qg4 Rac8 16. Qh4 Rfe8 17. Bh6 Bf6 18. Bg5 Bxg5 19. Qxg5 Rcd8 20. Rad1 Qe7
21. Qh6 Bb7 22. c4 Nf6 23. Bxb7 Qxb7 24. Qf4 Nh5 25. Qf3 Qxf3 26. Nxf3 Nf6 27.
b3 Rxd1 28. Rxd1 e5 29. Rd6 Kg7 30. Nd2 e4 31. Nf1 1/2-1/2

[Event "8. Open de Galapagar"]
[Site "Galapagar ESP"]
[Date "2007.07.23"]
[Round "3.8"]
[White "Rodriguez Gonzalez, Javier"]
[Black "Davicce Canada, Juan A"]
[Result "0-1"]
[WhiteElo "2261"]
[BlackElo "2065"]
[PlyCount "154"]
[EventDate "2007.07.21"]
[EventType "swiss"]
[EventRounds "9"]
[EventCountry "ESP"]
[Source "lmi"]
[SourceDate "2007.07.21"]

1. d4 Nf6 2. Bg5 e6 3. Nf3 c5 4. e3 Be7 5. Nbd2 O-O 6. Bd3 cxd4 7. exd4 b6 8.
O-O Ba6 9. c4 d5 10. b3 Nc6 11. Be3 Rc8 12. h3 Qc7 13. Re1 dxc4 14. bxc4 Rfd8
15. Bf1 Bb7 16. Rc1 Ba3 17. Rb1 Bd6 18. Nb3 Ne4 19. Qc1 Ne7 20. Nfd2 Nf5 21.
Bd3 Nxd2 22. Qxd2 Nxe3 23. Qxe3 Bf4 24. Qe2 Qc6 25. f3 Qd6 26. Rbd1 Bg3 27. Rf1
g6 28. Kh1 Ba6 29. Rc1 Bf4 30. Rc2 Bh6 31. Rd1 Qg3 32. Qe1 Qxe1+ 33. Rxe1 Bg7
34. Rec1 Bxd4 35. Nxd4 Rxd4 36. Be2 Kg7 37. Kg1 Kf6 38. Kf2 Rc5 39. Ke3 Rd7 40.
Rc3 Re5+ 41. Kf2 Rd2 42. Re3 Rxa2 43. f4 Rxe3 44. Kxe3 Ke7 45. Bf3 Ra4 46. Kd3
Kd6 47. Be2 Kc5 48. Ke4 f6 49. Rd1 Bb7+ 50. Ke3 Bxg2 51. h4 Ra3+ 52. Kf2 Bh3
53. Rd7 Ra2 54. Ke3 h5 55. Rf7 a5 56. Bd3 Ra3 57. Kd2 a4 58. Rc7+ Kd6 59. Rb7
Kc6 60. Be4+ Kc5 61. Rc7+ Kd4 62. Bxg6 Ra2+ 63. Kc1 Kc3 64. Kd1 Bg4+ 65. Ke1
Re2+ 66. Kf1 a3 67. c5 bxc5 68. Rxc5+ Kd4 69. Ra5 a2 70. f5 exf5 71. Bf7 Ke3
72. Ra3+ Kf4 73. Bxa2 Re3 74. Ra7 Kg3 75. Rb7 Be2+ 76. Kg1 Ra3 77. Rg7+ Kxh4
0-1

[Event "8. Open de Galapagar"]
[Site "Galapagar ESP"]
[Date "2007.07.23"]
[Round "3.9"]
[White "Madina Yadarola, Martin"]
[Black "Castejon Caballero, Natalia"]
[Result "1-0"]
[WhiteElo "2256"]
[BlackElo "2060"]
[PlyCount "61"]
[EventDate "2007.07.21"]
[EventType "swiss"]
[EventRounds "9"]
[EventCountry "ESP"]
[Source "lmi"]
[SourceDate "2007.07.21"]

1. g3 d5 2. Bg2 Nf6 3. d3 g6 4. Nf3 Bg7 5. O-O O-O 6. Nbd2 c5 7. e4 Nc6 8. c3
b6 9. e5 Ne8 10. d4 Ba6 11. Re1 Rc8 12. a3 Nc7 13. b4 Ne6 14. Nf1 Bb7 15. Be3
cxd4 16. cxd4 Qd7 17. Bh3 h6 18. Nh4 Kh7 19. f4 Qe8 20. Nxg6 fxg6 21. Bxe6 Rd8
22. Qb3 Nb8 23. Bf2 Na6 24. Rac1 Bc6 25. Ne3 Nc7 26. Bg4 Nb5 27. Red1 a5 28. a4
Na7 29. b5 Ba8 30. Rc7 Nc8 31. Be6 1-0

[Event "8. Open de Galapagar"]
[Site "Galapagar ESP"]
[Date "2007.07.23"]
[Round "3.10"]
[White "Piriz Fernandez, Daniel"]
[Black "De La Fuente Gonzalez, Francisco"]
[Result "1/2-1/2"]
[WhiteElo "1694"]
[BlackElo "2230"]
[PlyCount "76"]
[EventDate "2007.07.21"]
[EventType "swiss"]
[EventRounds "9"]
[EventCountry "ESP"]
[Source "lmi"]
[SourceDate "2007.07.21"]

1. d4 d5 2. c4 c6 3. Nc3 Nf6 4. Bf4 Qb6 5. Rb1 Bf5 6. c5 Qd8 7. Rc1 Nbd7 8. Nf3
e6 9. e3 Be7 10. Be2 Nh5 11. Be5 Nhf6 12. Bf4 O-O 13. h3 Ne4 14. O-O b6 15. Ba6
bxc5 16. Bb7 Rb8 17. Bxb8 Nxb8 18. Nxe4 dxe4 19. Ne5 cxd4 20. exd4 Qb6 21. Bxc6
Qxb2 22. Rc2 Qa3 23. g4 Nxc6 24. Nxc6 Bg6 25. Qc1 Qd6 26. Qe3 h6 27. Ne5 Bg5
28. Qc3 Bh7 29. Qc5 Qd8 30. Rc4 e3 31. f4 e2 32. Re1 Bxf4 33. Rxe2 Bxe5 34.
Rxe5 Qf6 35. Qa3 Rb8 36. Rc1 Rd8 37. Qe3 Qg6 38. Qb3 Qf6 1/2-1/2

[Event "8. Open de Galapagar"]
[Site "Galapagar ESP"]
[Date "2007.07.24"]
[Round "4.1"]
[White "Davicce Canada, Juan A"]
[Black "Almagro Llamas, Pablo"]
[Result "0-1"]
[WhiteElo "2065"]
[BlackElo "2413"]
[PlyCount "94"]
[EventDate "2007.07.21"]
[EventType "swiss"]
[EventRounds "9"]
[EventCountry "ESP"]
[Source "lmi"]
[SourceDate "2007.07.21"]

1. d4 d5 2. c4 c6 3. Nf3 Nf6 4. e3 Bf5 5. Nc3 e6 6. Bd3 Bxd3 7. Qxd3 Bb4 8. O-O
O-O 9. Bd2 a5 10. a3 Be7 11. b3 Nbd7 12. e4 Nc5 13. dxc5 dxe4 14. Qxd8 Rfxd8
15. Be3 exf3 16. gxf3 Rd3 17. Rac1 Rad8 18. b4 Nd7 19. f4 f5 20. Rfd1 Nb8 21.
Kf1 Rxd1+ 22. Rxd1 Rxd1+ 23. Nxd1 axb4 24. axb4 Kf7 25. Nb2 Nd7 26. Nd3 Bf6 27.
Bd2 h6 28. f3 Bd4 29. h3 Kf6 30. Ke2 e5 31. fxe5+ Nxe5 32. Nxe5 Kxe5 33. Kd3 g5
34. Bc1 Bg1 35. Bd2 Bd4 36. Bc1 Ba1 37. Bd2 f4 38. Be1 Kf5 39. Bf2 h5 40. b5
Bb2 41. bxc6 bxc6 42. Ke2 g4 43. fxg4+ hxg4 44. hxg4+ Kxg4 45. Be1 Bd4 46. Kd3
Bxc5 47. Ke4 Bg1 0-1

[Event "8. Open de Galapagar"]
[Site "Galapagar ESP"]
[Date "2007.07.24"]
[Round "4.2"]
[White "Candela Perez, Jose"]
[Black "Gonzalez Somoza, Oliver"]
[Result "1-0"]
[WhiteElo "2404"]
[BlackElo "2343"]
[PlyCount "75"]
[EventDate "2007.07.21"]
[EventType "swiss"]
[EventRounds "9"]
[EventCountry "ESP"]
[Source "lmi"]
[SourceDate "2007.07.21"]

1. d4 d5 2. c4 Nc6 3. Nf3 Bg4 4. cxd5 Bxf3 5. gxf3 Qxd5 6. e3 e5 7. Nc3 Bb4 8.
Bd2 Bxc3 9. bxc3 Qd6 10. Rb1 b6 11. f4 exf4 12. e4 Nge7 13. Qf3 O-O 14. Bxf4
Qe6 15. Qe2 Rae8 16. Bg2 Nd5 17. Bd2 Nf6 18. e5 Qxa2 19. O-O Na5 20. Qd3 Nd7
21. Be4 g6 22. Bh6 f5 23. Bg2 Rf7 24. c4 Nf8 25. Bd5 Ne6 26. Ra1 Qb3 27. Qxb3
Nxb3 28. Bxe6 Rxe6 29. Rxa7 Rfe7 30. Ra8+ Re8 31. Rxe8+ Rxe8 32. Rd1 Rd8 33. d5
Nc5 34. Ra1 b5 35. Ra5 Nd3 36. e6 bxc4 37. Ra7 Rc8 38. Rxc7 1-0

[Event "8. Open de Galapagar"]
[Site "Galapagar ESP"]
[Date "2007.07.24"]
[Round "4.3"]
[White "Gallardo Garcia, Andres"]
[Black "Madina Yadarola, Martin"]
[Result "1/2-1/2"]
[WhiteElo "2352"]
[BlackElo "2256"]
[PlyCount "57"]
[EventDate "2007.07.21"]
[EventType "swiss"]
[EventRounds "9"]
[EventCountry "ESP"]
[Source "lmi"]
[SourceDate "2007.07.21"]

1. d4 Nf6 2. c4 e6 3. Nc3 Bb4 4. e3 O-O 5. Nge2 d5 6. a3 Be7 7. Ng3 c5 8. dxc5
dxc4 9. Bxc4 Qxd1+ 10. Kxd1 Bxc5 11. Ke2 Nc6 12. b4 Be7 13. Bb2 Bd7 14. Nce4
Nxe4 15. Nxe4 Rac8 16. Rhd1 Nb8 17. Bd3 Rfd8 18. f3 a6 19. Bd4 Bc6 20. Bb6 Rd5
21. Nc5 Nd7 22. Nxd7 Rxd7 23. Rac1 g6 24. Be4 Bb5+ 25. Ke1 Rxc1 26. Rxc1 f5 27.
Rc8+ Kf7 28. Bc2 Rd6 29. Bc5 1/2-1/2

[Event "8. Open de Galapagar"]
[Site "Galapagar ESP"]
[Date "2007.07.24"]
[Round "4.4"]
[White "Minzer, Claudio Javier"]
[Black "Estrada Martinez, Cesar"]
[Result "1-0"]
[WhiteElo "2410"]
[BlackElo "2211"]
[PlyCount "49"]
[EventDate "2007.07.21"]
[EventType "swiss"]
[EventRounds "9"]
[EventCountry "ESP"]
[Source "lmi"]
[SourceDate "2007.07.21"]

1. d4 d5 2. c4 c6 3. Nf3 Nf6 4. Nc3 g6 5. Bf4 Bg7 6. e3 O-O 7. Rc1 Qa5 8. Qd2
Nbd7 9. h3 dxc4 10. Bxc4 Nb6 11. Bb3 Nbd5 12. Nxd5 Qxd2+ 13. Kxd2 cxd5 14. Rc7
Ne4+ 15. Ke2 e6 16. Rhc1 b6 17. Ne5 Ba6+ 18. Ke1 Rac8 19. f3 Nf6 20. Kd2 Nh5
21. Bh2 Bh6 22. g4 Ng7 23. Nd7 Rfd8 24. Nf6+ Kf8 25. Rxc8 1-0

[Event "8. Open de Galapagar"]
[Site "Galapagar ESP"]
[Date "2007.07.24"]
[Round "4.5"]
[White "Serrano Salvador, Eduardo"]
[Black "Cruz Condori, Alfredo"]
[Result "1-0"]
[WhiteElo "2354"]
[BlackElo "2149"]
[PlyCount "121"]
[EventDate "2007.07.21"]
[EventType "swiss"]
[EventRounds "9"]
[EventCountry "ESP"]
[Source "lmi"]
[SourceDate "2007.07.21"]

1. d4 Nf6 2. c4 c5 3. d5 e5 4. Nc3 d6 5. e4 g6 6. f3 Bg7 7. Be3 O-O 8. Nge2 b6
9. Qd2 Na6 10. g4 Nc7 11. Ng3 a6 12. h4 Rb8 13. h5 b5 14. Qh2 Bxg4 15. fxg4
Nxg4 16. Qe2 Nxe3 17. Qxe3 bxc4 18. Bxc4 f5 19. exf5 gxf5 20. h6 f4 21. Qe4 Bf6
22. Nf5 Bg5 23. Rg1 Kh8 24. O-O-O f3+ 25. Kb1 Qf6 26. Bd3 Rb4 27. Qxf3 e4 28.
Bxe4 Nb5 29. Kc2 Rb8 30. b3 c4 31. Nxb5 cxb3+ 32. axb3 R4xb5 33. Nd4 Rc5+ 34.
Kb1 Qe5 35. Rxg5 Qxg5 36. Ne6 Qe5 37. Nxc5 dxc5 38. Bc2 c4 39. Rf1 Qd6 40. Qf7
Qxh6 41. Qf6+ Qxf6 42. Rxf6 cxb3 43. Bf5 Rd8 44. d6 Kg7 45. Re6 a5 46. Kb2 a4
47. Ka3 h5 48. Rg6+ Kf7 49. Rh6 Kg7 50. Re6 h4 51. Kb2 Kf7 52. Bh3 Rb8 53. d7
a3+ 54. Kxa3 b2 55. Re1 Kf6 56. Rb1 Ke7 57. Rxb2 Rg8 58. Re2+ Kd8 59. Kb4 Rh8
60. Rc2 Ke7 61. Rc8 1-0

[Event "8. Open de Galapagar"]
[Site "Galapagar ESP"]
[Date "2007.07.24"]
[Round "4.6"]
[White "Longa Yauca, Javier"]
[Black "Bordo Bujalance, Enrique"]
[Result "1-0"]
[WhiteElo "2306"]
[BlackElo "2062"]
[PlyCount "74"]
[EventDate "2007.07.21"]
[EventType "swiss"]
[EventRounds "9"]
[EventCountry "ESP"]
[Source "lmi"]
[SourceDate "2007.07.21"]

1. d4 Nf6 2. Bg5 e6 3. Nf3 d5 4. e3 Be7 5. Nbd2 O-O 6. Bd3 Nbd7 7. Qe2 b6 8. h4
c5 9. c3 Bb7 10. Ba6 Bxa6 11. Qxa6 Qc8 12. Qxc8 Raxc8 13. a4 Bd6 14. O-O h6 15.
Bxf6 Nxf6 16. Rfd1 Rfd8 17. g3 g6 18. Kg2 Kg7 19. Kf1 h5 20. Ke2 Kf8 21. Rdc1
Ke7 22. b3 Rd7 23. c4 Rdc7 24. a5 dxc4 25. bxc4 cxd4 26. exd4 Nd7 27. Rcb1 f6
28. axb6 axb6 29. Ra6 f5 30. Rb5 Kf6 31. c5 Nxc5 32. dxc5 Bxc5 33. Nb3 Rd8 34.
Nxc5 bxc5 35. Rbb6 Re7 36. Rc6 Rd5 37. Ng5 Re5+ 1-0

[Event "8. Open de Galapagar"]
[Site "Galapagar ESP"]
[Date "2007.07.24"]
[Round "4.7"]
[White "Perez Gonzalez, Jose Manuel"]
[Black "Sanchez Gonzalez, Sergio"]
[Result "1-0"]
[WhiteElo "2297"]
[BlackElo "2098"]
[PlyCount "59"]
[EventDate "2007.07.21"]
[EventType "swiss"]
[EventRounds "9"]
[EventCountry "ESP"]
[Source "lmi"]
[SourceDate "2007.07.21"]

1. e4 c5 2. Nf3 d6 3. d4 Nf6 4. Nc3 cxd4 5. Nxd4 e6 6. Bc4 Be7 7. Be3 a6 8. Bb3
Nbd7 9. f4 Nc5 10. Qf3 Nxb3 11. axb3 O-O 12. g4 d5 13. e5 Ne4 14. Nxe4 dxe4 15.
Qxe4 Bh4+ 16. Ke2 f6 17. Nf3 fxe5 18. Rad1 Qe7 19. Nxe5 Rb8 20. g5 Qe8 21. Ba7
Ra8 22. Bc5 Qb5+ 23. Qc4 Qxc4+ 24. bxc4 Re8 25. Rhg1 h5 26. Rd3 b6 27. Bxb6 Rb8
28. c5 a5 29. Rh3 Ba6+ 30. c4 1-0

[Event "8. Open de Galapagar"]
[Site "Galapagar ESP"]
[Date "2007.07.24"]
[Round "4.8"]
[White "De La Fuente Gonzalez, Francisco"]
[Black "Camarero Izquierdo, Juan Carlos"]
[Result "1-0"]
[WhiteElo "2230"]
[BlackElo "1981"]
[PlyCount "81"]
[EventDate "2007.07.21"]
[EventType "swiss"]
[EventRounds "9"]
[EventCountry "ESP"]
[Source "lmi"]
[SourceDate "2007.07.21"]

1. c4 e5 2. g3 Nf6 3. Bg2 Bc5 4. Nc3 O-O 5. d3 d6 6. Nf3 c6 7. O-O Bg4 8. Na4
Bb6 9. b4 Bc7 10. Bb2 Re8 11. h3 Bh5 12. Rc1 Nbd7 13. Qb3 Nf8 14. b5 Qd7 15.
Kh2 Ne6 16. Rc2 e4 17. Nh4 exd3 18. Qxd3 Bg6 19. Nxg6 hxg6 20. bxc6 bxc6 21.
Qf3 c5 22. Qc6 Qe7 23. Qa6 Rab8 24. Qxa7 d5 25. Qa6 Ra8 26. Qb5 Reb8 27. Qc6
Bd6 28. Nb6 Nd8 29. Bxf6 gxf6 30. Qb5 Ra7 31. a4 dxc4 32. a5 Ne6 33. Qxc4 Nd4
34. Ra2 Kg7 35. e3 Nf5 36. Nd5 Qe5 37. Qf4 Qe6 38. Qe4 Be5 39. Qg4 Rh8 40. e4
Rh4 41. exf5 1-0